000 00255nam a2200109Ia 4500
008 190216s9999||||xx |||||||||||||| ||und||
100 _aJanardhanapillai
245 0 _aAlgebra For Degree
260 _bAjith Book Center
_c1965
300 _a291
942 _cBK
999 _c30459
_d30459